| 000 | 01358nas1a22003131 4500 | ||
|---|---|---|---|
| 001 | RU\NLR\INFOCOMM15\1000092233 | ||
| 005 | 20040315114952.0 | ||
| 035 | _a(NLR Aleph) 002453063 | ||
| 090 |
_a2181745 _c2181745 |
||
| 100 | _a20040315b19461947|||y0rusy50 ca | ||
| 101 | 0 | _arus | |
| 102 | _aRU | ||
| 110 | _aayu||||0|y0 | ||
| 200 | 1 |
_aБюллетень Института неврологии _fСССР. Акад. мед. наук _gОтв. ред. доц. М.М.Аникин и чл.-кор. АН ССР, действ. чл. АМН СССР проф. Н.И.Гращенков |
|
| 210 |
_aМ. _d1946-1947 |
||
| 309 | _aОтпеч. множит. аппаратом | ||
| 702 | 1 |
_aАникин _bМ. М. _4340 |
|
| 702 | 1 |
_aГращенков _bН. И. _4340 |
|
| 710 | 0 | 2 |
_aИнститут неврологии _cМосква _4070 |
| 801 | 0 |
_aRU _bNLR _gPSBO |
|
| 801 | 1 |
_aRU _bInfoComm _c20040315 |
|
| 852 |
_aNLR _jП17/82 |
||
| 942 | _cJOURNAL | ||
| 980 | _aNB | ||
| 980 | _aRUSPER | ||